书目信息 |
| 题名: |
完美的合同
|
|
| 作者: | 吴江水 著 | |
| 分册: | ||
| 出版信息: | 北京 北京大学出版社 2010 |
|
| 页数: | 438页 | |
| 开本: | 23cm | |
| 丛书名: | ||
| 单 册: | ||
| 中图分类: | D923.64 | |
| 科图分类: | ||
| 主题词: | 合同--基本知识--中国 , 合同 | |
| 电子资源: | ||
| ISBN: | 978-7-301-16178-4 | |
| 000 | 01151nam0 2200277 450 | |
| 001 | 523 | |
| 005 | 20140908085154.06 | |
| 010 | @a978-7-301-16178-4@dCNY49.00 | |
| 100 | @a20100106d2010 em y0chiy50 ea | |
| 101 | 0 | @achi |
| 102 | @aCN@b110000 | |
| 105 | @ay z 000yy | |
| 106 | @ar | |
| 200 | 1 | @a完美的合同@AWan Mei De He Tong@e合同的基本原理及审查与修改@EHe Tong De Ji Ben Yuan Li Ji Shen Cha Yu Xiu Gai@dThe perfect contract@ethe basic principles review and revision of contracts@f吴江水著@FWu Jiang Shui Zhu@zeng |
| 205 | @a增订版 | |
| 210 | @a北京@c北京大学出版社@d2010 | |
| 215 | @a438页@d23cm | |
| 330 | @a本书概述了中国合同发展历程,解析了合同基本原理、合同的审查与修改、合同的起草与定稿、合同语言的进一步规范、对合同原理的拓展运用等问题。 | |
| 510 | 1 | @aRerfect contract@ethe basic principles review and revision of contracts@zeng |
| 517 | 1 | @a合同的基本原理及审查与修改@AHe Tong De Ji Ben Yuan Li Ji Shen Cha Yu Xiu Gai |
| 606 | 0 | @a合同@x基本知识@y中国 |
| 606 | 0 | @a合同 |
| 690 | @aD923.64@v5 | |
| 701 | 0 | @a吴江水@AWu Jiang Shui@c(律师)@4著 |
| 801 | 0 | @aCN@bTANGWEI@c20140603 |
| 905 | @b0840824-26@dD923.64@e1208=2@f3 | |
| 完美的合同:合同的基本原理及审查与修改=The perfect contract:the basic principles review and revision of contracts/吴江水著.-增订版.-北京:北京大学出版社,2010 |
| 438页;23cm |
| ISBN 978-7-301-16178-4:CNY49.00 |
| 本书概述了中国合同发展历程,解析了合同基本原理、合同的审查与修改、合同的起草与定稿、合同语言的进一步规范、对合同原理的拓展运用等问题。 |
| ● |
| 相关链接 |
|
|
|
|
正题名:完美的合同
索取号:D923.64/1208=2
 
预约/预借
| 序号 | 登录号 | 条形码 | 馆藏地/架位号 | 状态 | 备注 |
| 1 | 0840824 | 208408249 | 第一样本阅览室/ [索取号:D923.64/1208=2] | 在馆 | |
| 2 | 0840825 | 208408258 | 第一借阅区/ [索取号:D923.64/1208=2] | 在馆 | |
| 3 | 0840826 | 208408267 | 密集书库-史法系/ [索取号:D923.64/1208=2] | 在馆 |